Strojírenská technologie 2 : Polotovary a jejich technologičnost: 1. díl

Gespeichert in:
Bibliographische Detailangaben
Hauptverfasser: Hluchý, Miroslav (Verfasst von), Kolouch, Jan (Verfasst von), Paňák, Rudolf (Verfasst von)
Format: Buch
Sprache:Tschechisch
Veröffentlicht: Praha : SCIENTIA, 2001
Ausgabe:2. upr. vyd.
Schlagworte:
Online-Zugang:OBSAH
Tags: Tag hinzufügen
Keine Tags, Fügen Sie das erste Tag hinzu!

MARC

LEADER 00000nam a22000003a 4500
001 stu79632
005 20150617225639.7
008 030310s2001----xr------------------cze-d
020 |a 80-7183-244-8 
040 |a STU  |b slo 
041 0 |a cze 
044 |a xr 
080 |a 621 
100 1 |a Hluchý, Miroslav  |4 aut 
245 1 |a Strojírenská technologie 2 :  |b Polotovary a jejich technologičnost: 1. díl 
250 |a 2. upr. vyd. 
260 |a Praha :  |b SCIENTIA,  |c 2001 
300 |a 316 s 
650 7 |a Technológia výroby  |2 stusub 
650 7 |a polotovary  |2 stusub 
650 7 |a technológie strojárske  |2 stusub 
700 1 |a Kolouch, Jan  |4 aut 
700 1 |a Paňák, Rudolf  |4 aut 
856 4 |a https://sweb.mtf.stuba.sk/obsahy/strojirenska_technologie_2_polotovary_a_jejich_technologicnost_1_dil_01.pdf  |u https://sweb.mtf.stuba.sk/obsahy/strojirenska_technologie_2_polotovary_a_jejich_technologicnost_1_dil_01.pdf  |3 OBSAH 
996 |b 284J011036  |c J*100606  |l JJST  |s P  |a 0  |w stu79632_0001 
996 |b 284M058306  |c M*11252/2-1-1  |l MMST  |s A  |a 24  |w stu79632_0002 
996 |b 284M058307  |c M*11252/2-1-2  |l MMKN  |s A  |a 24  |w stu79632_0003 
996 |b 284M058308  |c M*11252/2-1-3  |l MMKN  |s A  |a 24  |w stu79632_0004